|
|
|
|
| LEADER |
00000nlm2a2200000 4500 |
| 001 |
231484 |
| 005 |
20231101231105.0 |
| 035 |
|
|
|a (RuTPU)RU\TPU\book\252505
|
| 035 |
|
|
|a RU\TPU\book\240891
|
| 090 |
|
|
|a 231484
|
| 100 |
|
|
|a 20130201d2012 k y0rusy50 ca
|
| 101 |
0 |
|
|a rus
|
| 102 |
|
|
|a RU
|
| 105 |
|
|
|a a z 101zy
|
| 135 |
|
|
|a drcn ---uucaa
|
| 181 |
|
0 |
|a i
|
| 182 |
|
0 |
|a b
|
| 200 |
0 |
|
|a Т. 1
|b Электронный ресурс
|
| 203 |
|
|
|a Текст
|c электронный
|
| 210 |
|
|
|d 2012
|
| 230 |
|
|
|a 1 компьютерный файл (pdf; 33,9 MB)
|
| 300 |
|
|
|a Заглавие с титульного экрана
|
| 320 |
|
|
|a Библиогр. в конце статей
|
| 330 |
|
|
|a В сборнике отражены проблемы палеонтологии, стратиграфии, тектоники, исторической и региональной геологии, минералогии, геохимии, петрологии, литологии, полезных ископаемых, металлогении, гидрогеологии, гидрогеохимии, инженерной геологии, геофизики, нефтяной геологии, геоинформационных систем в геологии, разработки нефтяных и газовых месторождений, переработки углеводородного и минерального сырья, нефтегазопромыслового оборудования, бурения нефтяных и газовых скважин, техники и технологии добычи, транспорта и хранения нефти и газа, горного дела, технологии и техники разведки месторождений полезных ископаемых, геоэкологии, гидрогеоэкологии, охраны и инженерной защиты окружающей среды, комплексного использования минерального сырья, землеустройства, экономики минерального сырья и горного права. Публикация сборника трудов XVI Международного научного симпозиума осуществляется при информационной поддержке Министерства образования и науки РФ (Роснаука) и при поддержке Российского фонда фундаментальных исследований РФ
|
| 337 |
|
|
|a Adobe Reader
|
| 452 |
|
1 |
|0 (RuTPU)RU\TPU\book\245117
|t Т. 1
|d 2012
|p 717 с.
|
| 461 |
|
1 |
|0 (RuTPU)RU\TPU\book\252494
|t Проблемы геологии и освоения недр
|o труды XVI Международного симпозиума имени академика М. А. Усова студентов и молодых ученых, Томск, 2-7 апреля 2012 г.
|o в 2 т.
|f Национальный исследовательский Томский политехнический университет (ТПУ), Институт природных ресурсов (ИПР) ; Общество инженеров-нефтяников, Студенческий чаптер ; под ред. О. Г. Савичева
|v Т. 1
|d 2012
|
| 606 |
1 |
|
|a Геология
|2 stltpush
|3 (RuTPU)RU\TPU\subj\6095
|9 34054
|
| 610 |
1 |
|
|a конференции
|
| 610 |
1 |
|
|a труды учёных ТПУ
|
| 610 |
1 |
|
|a электронный ресурс
|
| 610 |
1 |
|
|a недра
|
| 610 |
1 |
|
|a освоение
|
| 610 |
1 |
|
|a научные труды
|
| 610 |
1 |
|
|a международные симпозиумы
|
| 610 |
1 |
|
|a палеонтология
|
| 610 |
1 |
|
|a стратиграфия
|
| 610 |
1 |
|
|a региональная геология
|
| 610 |
1 |
|
|a минералогия
|
| 610 |
1 |
|
|a геохимия
|
| 610 |
1 |
|
|a петрография
|
| 610 |
1 |
|
|a месторождения полезных ископаемых
|
| 610 |
1 |
|
|a поиски
|
| 610 |
1 |
|
|a разведка
|
| 610 |
1 |
|
|a гидрогеология
|
| 610 |
1 |
|
|a инженерная геология
|
| 610 |
1 |
|
|a гидрогеохимия
|
| 610 |
1 |
|
|a гидрогеоэкология
|
| 610 |
1 |
|
|a геофизические методы
|
| 610 |
1 |
|
|a нефть
|
| 610 |
1 |
|
|a газ
|
| 610 |
1 |
|
|a геоинформационные системы
|
| 610 |
1 |
|
|a землеустройство
|
| 675 |
|
|
|a 55(063)
|v 3
|
| 801 |
|
2 |
|a RU
|b 63413507
|c 20131017
|g RCR
|
| 856 |
4 |
|
|u http://www.lib.tpu.ru/fulltext/c/2012/C11/V1/C11_V1.pdf
|
| 942 |
|
|
|c CF
|